[Event "Mitropa Cup 29th"]
[Site "Chur"]
[Date "2010.05.31"]
[Round "3"]
[White "Caruana, Fabiano"]
[Black "Simacek, Pavel"]
[Result "1-0"]
[WhiteElo "2675"]
[BlackElo "2518"]
[PlyCount "57"]
[EventDate "2010.05.29"]
[EventType "team-tourn"]
[EventRounds "9"]
[EventCountry "SUI"]
[Source "ChessBase"]
[SourceDate "2010.07.02"]
[WhiteTeam "Italy"]
[BlackTeam "Czech Republic"]
[WhiteTeamCountry "ITA"]
[BlackTeamCountry "CZE"]

1. e4 e5 2. Nf3 Nc6 3. Bb5 a6 4. Ba4 Nf6 5. O-O Nxe4 6. d4 b5 7. Bb3 d5 8. dxe5
Be6 9. Nbd2 Nc5 10. c3 d4 11. Bxe6 Nxe6 12. cxd4 Ncxd4 13. Ne4 Be7 14. Be3 Nf5
15. Qc2 Nxe3 16. Qc6+ Kf8 17. fxe3 Qe8 18. Qc3 h5 19. Nd4 Rh6 20. Rf2 Ng5 21.
Nxg5 Bxg5 22. Rf5 Rg6 23. h4 Be7 24. Raf1 Kg8 25. Qb3 c5 26. Rxf7 Kh8 27. Qc2
Rg4 28. Ne6 Kg8 29. Nc7 1-0

[Event "Mitropa Cup 29th"]
[Site "Chur"]
[Date "2010.05.31"]
[Round "3"]
[White "Vocaturo, Daniele"]
[Black "Krejci, Jan1"]
[Result "1/2-1/2"]
[WhiteElo "2493"]
[BlackElo "2455"]
[PlyCount "98"]
[EventDate "2010.05.29"]
[EventType "team-tourn"]
[EventRounds "9"]
[EventCountry "SUI"]
[Source "ChessBase"]
[SourceDate "2010.07.02"]
[WhiteTeam "Italy"]
[BlackTeam "Czech Republic"]
[WhiteTeamCountry "ITA"]
[BlackTeamCountry "CZE"]

1. e4 e5 2. Bc4 Nf6 3. d3 c6 4. Nf3 d5 5. Bb3 Bd6 6. Nc3 dxe4 7. Ng5 O-O 8.
Ngxe4 Nxe4 9. Nxe4 Na6 10. Qh5 Qd7 11. O-O Bc7 12. f4 Qf5 13. Qxf5 Bxf5 14. Ng5
Nc5 15. fxe5 Bg6 16. Bf4 h6 17. Nf3 a5 18. Be3 Nxb3 19. axb3 Rfe8 20. Bd4 Bh5
21. Rfe1 Rad8 22. Bc3 Rd5 23. Re4 Bg6 24. Re2 Bh5 25. Kf1 Re6 26. d4 b5 27.
Bxa5 Bxf3 28. gxf3 Bxa5 29. Rxa5 Rxd4 30. Ra7 g5 31. Rc7 Kg7 32. Kg2 Kg6 33. c3
Rd5 34. c4 Rd4 35. Rc2 Rd3 36. Rc3 Rd2+ 37. Kg3 b4 38. Re3 f5 39. f4 Rxb2 40.
Rd7 Rc2 41. Red3 gxf4+ 42. Kxf4 Rf2+ 43. Ke3 Rf1 44. Ke2 Rf4 45. R7d6 Kf7 46.
Rxe6 Kxe6 47. Rd6+ Kxe5 48. Rxh6 c5 49. Rh3 Rg4 1/2-1/2

[Event "Mitropa Cup 29th"]
[Site "Chur"]
[Date "2010.05.31"]
[Round "3"]
[White "Zilka, Stepan"]
[Black "Godena, Michele"]
[Result "1/2-1/2"]
[WhiteElo "2509"]
[BlackElo "2554"]
[PlyCount "49"]
[EventDate "2010.05.29"]
[EventType "team-tourn"]
[EventRounds "9"]
[EventCountry "SUI"]
[Source "ChessBase"]
[SourceDate "2010.07.02"]
[WhiteTeam "Czech Republic"]
[BlackTeam "Italy"]
[WhiteTeamCountry "CZE"]
[BlackTeamCountry "ITA"]

1. d4 d5 2. Nf3 Nf6 3. c4 dxc4 4. e3 a6 5. Bxc4 b5 6. Bd3 Bb7 7. a4 b4 8. O-O
e6 9. Nbd2 Nbd7 10. e4 Nc5 11. dxc5 Qxd3 12. Ne5 Qd4 13. c6 Bxc6 14. Nxc6 Qc5
15. Nxb4 Qxb4 16. Qc2 Qb7 17. e5 Nd5 18. Nc4 Bb4 19. Rd1 Bc5 20. Bd2 O-O 21.
Rac1 Bb4 22. g3 Rab8 23. Bxb4 Qxb4 24. a5 Rb5 25. Qd2 1/2-1/2

[Event "Mitropa Cup 29th"]
[Site "Chur"]
[Date "2010.05.31"]
[Round "3"]
[White "Borisek, Jure"]
[Black "Bindrich, Falko"]
[Result "1/2-1/2"]
[WhiteElo "2561"]
[BlackElo "2539"]
[PlyCount "81"]
[EventDate "2010.05.29"]
[EventType "team-tourn"]
[EventRounds "9"]
[EventCountry "SUI"]
[Source "ChessBase"]
[SourceDate "2010.07.02"]
[WhiteTeam "Slovenia"]
[BlackTeam "Germany"]
[WhiteTeamCountry "SLO"]
[BlackTeamCountry "GER"]

1. e4 e5 2. Nf3 Nc6 3. Bb5 a6 4. Ba4 Nf6 5. O-O Be7 6. Re1 b5 7. Bb3 d6 8. c3
O-O 9. h3 Nb8 10. d4 Nbd7 11. Nbd2 Bb7 12. Bc2 Re8 13. Nf1 Bf8 14. Ng3 g6 15.
a4 Bg7 16. Bd3 c6 17. Bg5 Nf8 18. b4 Ne6 19. Be3 Nd7 20. Qd2 Qc7 21. Rec1 Nb6
22. dxe5 dxe5 23. c4 bxc4 24. Bxc4 Nxc4 25. Rxc4 Red8 26. Qb2 Qd6 27. Rac1 Nd4
28. Bxd4 exd4 29. e5 Bxe5 30. Ne4 Qd5 31. Nc5 Bc8 32. Nxe5 Qxe5 33. Rd1 Be6 34.
Rcxd4 Rxd4 35. Rxd4 Bd5 36. Qd2 Qf5 37. a5 Qb1+ 38. Qd1 Qb2 39. Nd7 Rd8 40.
Nf6+ Kg7 41. Nxd5 1/2-1/2

[Event "Mitropa Cup 29th"]
[Site "Chur"]
[Date "2010.05.31"]
[Round "3"]
[White "Huschenbeth, Niclas"]
[Black "Lenic, Luka"]
[Result "0-1"]
[WhiteElo "2457"]
[BlackElo "2592"]
[PlyCount "82"]
[EventDate "2010.05.29"]
[EventType "team-tourn"]
[EventRounds "9"]
[EventCountry "SUI"]
[Source "ChessBase"]
[SourceDate "2010.07.02"]
[WhiteTeam "Germany"]
[BlackTeam "Slovenia"]
[WhiteTeamCountry "GER"]
[BlackTeamCountry "SLO"]

1. e4 c6 2. d4 d5 3. e5 Bf5 4. Nf3 e6 5. Be2 c5 6. Be3 Qb6 7. Nc3 Qxb2 8. Nb5
c4 9. Rb1 Qxc2 10. Qxc2 Bxc2 11. Rb2 Ba4 12. Nc7+ Kd7 13. Nxa8 Kc8 14. Bd1 Ba3
15. Rb1 Bc6 16. Ng5 Nh6 17. Bc2 Na6 18. Bd2 Kb8 19. Nb6 axb6 20. Nxh7 Nc7 21.
Bxh6 gxh6 22. Kd2 Nb5 23. Ke3 Nc3 24. Ra1 Bb2 25. Nf6 Kc7 26. g4 Ra8 27. a4
Bxa1 28. Rxa1 b5 29. Kd2 b4 30. h4 b5 31. a5 Na4 32. Bxa4 bxa4 33. h5 a3 34. g5
hxg5 35. h6 c3+ 36. Kd3 Bb5+ 37. Kc2 Bc4 38. h7 Rh8 39. Rg1 a2 40. Rh1 Kc6 41.
a6 Kb6 0-1

[Event "Mitropa Cup 29th"]
[Site "Chur"]
[Date "2010.05.31"]
[Round "3"]
[White "Prusikin, Michael"]
[Black "Zorko, Jure"]
[Result "1-0"]
[WhiteElo "2520"]
[BlackElo "2440"]
[PlyCount "109"]
[EventDate "2010.05.29"]
[EventType "team-tourn"]
[EventRounds "9"]
[EventCountry "SUI"]
[Source "ChessBase"]
[SourceDate "2010.07.02"]
[WhiteTeam "Germany"]
[BlackTeam "Slovenia"]
[WhiteTeamCountry "GER"]
[BlackTeamCountry "SLO"]

1. d4 Nf6 2. c4 e6 3. Nf3 Bb4+ 4. Nbd2 b6 5. e3 Bb7 6. Bd3 c5 7. O-O cxd4 8.
exd4 O-O 9. b3 d5 10. Bb2 Nc6 11. Qe2 Rc8 12. Rfd1 Qe7 13. Nf1 Ba3 14. Ne3 Bxb2
15. Qxb2 Rfd8 16. Rac1 dxc4 17. bxc4 Qb4 18. Qa1 Ne7 19. Ne5 Ng6 20. Bxg6 hxg6
21. Rb1 Qe7 22. a4 Nd7 23. Nxd7 Rxd7 24. a5 Be4 25. Rb2 bxa5 26. Qxa5 Qf6 27.
Rbd2 Qf4 28. h3 Ba8 29. d5 exd5 30. cxd5 Rcd8 31. d6 Kh7 32. Rd4 Qf6 33. Ng4
Qe6 34. Ne5 Qf5 35. Qa1 Qxe5 36. Rh4+ Qh5 37. Rxh5+ gxh5 38. Qe5 g6 39. Qf6 Re8
40. Qc3 Bb7 41. Qc5 a6 42. f3 Rc8 43. Qe5 Rcd8 44. Kf2 Bc6 45. g4 Rb8 46. Rc1
Bb5 47. gxh5 Rbd8 48. Rd1 Rc8 49. Rd4 Rc4 50. Rxc4 Bxc4 51. Ke3 Rb7 52. hxg6+
fxg6 53. Qe4 Rb3+ 54. Kf4 Bb5 55. Qe7+ 1-0

[Event "Mitropa Cup 29th"]
[Site "Chur"]
[Date "2010.05.31"]
[Round "3"]
[White "Tomazini, Aljosa"]
[Black "Baramidze, David"]
[Result "1/2-1/2"]
[WhiteElo "2231"]
[BlackElo "2534"]
[PlyCount "80"]
[EventDate "2010.05.29"]
[EventType "team-tourn"]
[EventRounds "9"]
[EventCountry "SUI"]
[Source "ChessBase"]
[SourceDate "2010.07.02"]
[WhiteTeam "Slovenia"]
[BlackTeam "Germany"]
[WhiteTeamCountry "SLO"]
[BlackTeamCountry "GER"]

1. e4 e5 2. Bc4 Nf6 3. d3 Nc6 4. Nf3 Bc5 5. O-O d6 6. c3 a6 7. Bb3 Ba7 8. Nbd2
O-O 9. h3 h6 10. Re1 Re8 11. Nf1 Be6 12. N3h2 Qd7 13. Qf3 Bxb3 14. axb3 Qe6 15.
b4 Ne7 16. Ng3 c6 17. Ng4 Nh7 18. Ne3 g6 19. Qg4 Qxg4 20. hxg4 d5 21. Kf1 Rad8
22. Ke2 Ng5 23. Nc2 Kg7 24. Bxg5 hxg5 25. c4 dxc4 26. dxc4 Bd4 27. Nxd4 Rxd4
28. b3 c5 29. bxc5 Nc6 30. Red1 Rc8 31. Rab1 Kf6 32. Ke3 Rxd1 33. Rxd1 Nd4 34.
Rd3 Rxc5 35. Ne2 Nxe2 36. Kxe2 Ke7 37. Rd5 Rxd5 38. cxd5 a5 39. Kd3 b5 40. Kc3
Kd6 1/2-1/2

[Event "Mitropa Cup 29th"]
[Site "Chur"]
[Date "2010.05.31"]
[Round "3"]
[White "Buss, Ralph"]
[Black "Sipos, Istvan"]
[Result "1-0"]
[WhiteElo "2430"]
[BlackElo "2461"]
[PlyCount "91"]
[EventDate "2010.05.29"]
[EventType "team-tourn"]
[EventRounds "9"]
[EventCountry "SUI"]
[Source "ChessBase"]
[SourceDate "2010.07.02"]
[WhiteTeam "Switzerland"]
[BlackTeam "Hungary"]
[WhiteTeamCountry "SUI"]
[BlackTeamCountry "HUN"]

1. Nf3 d5 2. d4 Nf6 3. c4 c6 4. cxd5 cxd5 5. Nc3 Nc6 6. Bf4 a6 7. Rc1 Bf5 8. e3
e6 9. Qb3 Ra7 10. Be2 Be7 11. h3 O-O 12. O-O Nd7 13. Na4 Na5 14. Qc3 Nc6 15. a3
Ra8 16. b4 Rc8 17. Qb3 f6 18. Rfd1 g5 19. Bg3 h5 20. Rc3 h4 21. Bh2 b5 22. Nc5
Nxc5 23. dxc5 Qd7 24. Nd4 Nxd4 25. exd4 Be4 26. Ra1 Qc6 27. a4 Ra8 28. axb5
axb5 29. Qb2 Rxa1+ 30. Qxa1 Ra8 31. Ra3 Rxa3 32. Qxa3 Bg6 33. Qa7 Kf8 34. Qb8+
Be8 35. Bh5 Qd7 36. Bc7 Qc6 37. Qc8 Qd7 38. Qb8 Qc6 39. f4 Qd7 40. Kf2 f5 41.
fxg5 Bxg5 42. Bd6+ Be7 43. Bxe7+ Kxe7 44. Qxe8+ Qxe8 45. Bxe8 Kxe8 46. g3 1-0

[Event "Mitropa Cup 29th"]
[Site "Chur"]
[Date "2010.05.31"]
[Round "3"]
[White "Gallagher, Joseph G"]
[Black "Papp, Gabor"]
[Result "1/2-1/2"]
[WhiteElo "2493"]
[BlackElo "2534"]
[PlyCount "30"]
[EventDate "2010.05.29"]
[EventType "team-tourn"]
[EventRounds "9"]
[EventCountry "SUI"]
[Source "ChessBase"]
[SourceDate "2010.07.02"]
[WhiteTeam "Switzerland"]
[BlackTeam "Hungary"]
[WhiteTeamCountry "SUI"]
[BlackTeamCountry "HUN"]

1. e4 c5 2. Nf3 d6 3. d4 cxd4 4. Nxd4 Nf6 5. Nc3 a6 6. Be3 e5 7. Nf3 Be7 8. Bc4
O-O 9. O-O Nc6 10. Qe2 Be6 11. Rfd1 h6 12. Nd5 Bxd5 13. Bxd5 Nxd5 14. Rxd5 Qc8
15. c3 Qe6 1/2-1/2

[Event "Mitropa Cup 29th"]
[Site "Chur"]
[Date "2010.05.31"]
[Round "3"]
[White "Rapport, Richard"]
[Black "Jenni, Florian"]
[Result "0-1"]
[WhiteElo "2509"]
[BlackElo "2520"]
[PlyCount "122"]
[EventDate "2010.05.29"]
[EventType "team-tourn"]
[EventRounds "9"]
[EventCountry "SUI"]
[Source "ChessBase"]
[SourceDate "2010.07.02"]
[WhiteTeam "Hungary"]
[BlackTeam "Switzerland"]
[WhiteTeamCountry "HUN"]
[BlackTeamCountry "SUI"]

1. d4 Nf6 2. c4 e6 3. Nf3 b6 4. a3 Ba6 5. e3 d5 6. Nbd2 c5 7. Qa4+ Qd7 8. Qc2
Qc7 9. cxd5 Bxf1 10. Nxf1 exd5 11. Ng3 Bd6 12. b3 Nbd7 13. Bb2 O-O 14. Nf5 Rac8
15. Rc1 Rfe8 16. Qb1 Bf8 17. O-O Qb7 18. Rfd1 g6 19. Ng3 Bg7 20. Ne2 Ne4 21.
dxc5 bxc5 22. Bxg7 Kxg7 23. Nf4 Ndf6 24. Qb2 d4 25. exd4 c4 26. b4 c3 27. Qc2
a5 28. Rb1 axb4 29. axb4 Nd5 30. Nxd5 Qxd5 31. b5 Rb8 32. Ne5 Nd2 33. Rb4 Rec8
34. b6 Qd6 35. Nd3 Rxb6 36. Rxb6 Qxb6 37. Nc5 Qb2 38. Rc1 Ra8 39. Nd3 Qxc2 40.
Rxc2 Nb3 41. Kf1 Ra3 42. Rxc3 Nd2+ 43. Ke2 Rxc3 44. Kxd2 Ra3 45. Ke3 Kf6 46.
Ke4 Ke6 47. Nc5+ Kd6 48. Nb7+ Kc7 49. Nc5 Ra2 50. Ke3 Kc6 51. Ne4 Ra5 52. h4 h6
53. g4 Kd5 54. Nf6+ Ke6 55. Ne4 Ra3+ 56. Kf4 Rh3 57. f3 Rxh4 58. Nf2 Kd5 59.
Kg3 g5 60. Kg2 Kxd4 61. Ne4 Rxg4+ 0-1

[Event "Mitropa Cup 29th"]
[Site "Chur"]
[Date "2010.05.31"]
[Round "3"]
[White "Szabo, Krisztian"]
[Black "Hug, Werner"]
[Result "1-0"]
[WhiteElo "2506"]
[BlackElo "2463"]
[PlyCount "145"]
[EventDate "2010.05.29"]
[EventType "team-tourn"]
[EventRounds "9"]
[EventCountry "SUI"]
[Source "ChessBase"]
[SourceDate "2010.07.02"]
[WhiteTeam "Hungary"]
[BlackTeam "Switzerland"]
[WhiteTeamCountry "HUN"]
[BlackTeamCountry "SUI"]

1. e4 e6 2. d4 d5 3. Nc3 Nc6 4. e5 Nge7 5. Nf3 Nf5 6. Ne2 f6 7. exf6 Qxf6 8.
Bg5 Qf7 9. Ng3 h6 10. Nxf5 Qxf5 11. Bd3 Qf7 12. Bh4 Bd6 13. O-O Bd7 14. c3 O-O
15. Bg3 a6 16. Qc2 g5 17. Rae1 Qg7 18. Ne5 Nxe5 19. Bxe5 Bxe5 20. Rxe5 c5 21.
Qd2 cxd4 22. cxd4 Rac8 23. Rfe1 Rf7 24. b3 Rcf8 25. R1e2 Qf6 26. a4 Qf4 27.
R5e3 Rc8 28. Bc2 Qf6 29. Rf3 Qg7 30. Rxf7 Qxf7 31. h4 Qg7 32. hxg5 Qxg5 33. Re3
Kh8 34. Qd1 Rg8 35. g3 Rf8 36. Qd3 Rf7 37. Kg2 Kg8 38. Re5 Qf6 39. Qe3 Rg7 40.
Rh5 Rg5 41. Rh4 Bc6 42. f4 Rg7 43. Rh5 Be8 44. Re5 Bf7 45. f5 exf5 46. Bxf5 Rg5
47. Bd3 Rxe5 48. dxe5 Qc6 49. Kh2 Bg6 50. Bf1 Qc2+ 51. Kg1 Kg7 52. Qb6 Qc3 53.
Qxb7+ Bf7 54. Kh2 Qxe5 55. Qxa6 Qb2+ 56. Qe2 Qxb3 57. a5 Qc3 58. a6 Qa1 59. Bg2
h5 60. Qb5 h4 61. Qd3 Qa4 62. Bf1 Kf6 63. Qf3+ Ke7 64. Qe3+ Be6 65. Qg5+ Kd6
66. Qxh4 Qa2+ 67. Kg1 Qa1 68. Qb4+ Kd7 69. Qb5+ Ke7 70. Qc5+ Kf7 71. a7 d4 72.
Qc7+ Kf6 73. Qd8+ 1-0

[Event "Mitropa Cup 29th"]
[Site "Chur"]
[Date "2010.06.01"]
[Round "4"]
[White "Kreisl, Robert"]
[Black "Szabo, Krisztian"]
[Result "0-1"]
[WhiteElo "2374"]
[BlackElo "2506"]
[PlyCount "80"]
[EventDate "2010.05.29"]
[EventType "team-tourn"]
[EventRounds "9"]
[EventCountry "SUI"]
[Source "ChessBase"]
[SourceDate "2010.07.02"]
[WhiteTeam "Austria"]
[BlackTeam "Hungary"]
[WhiteTeamCountry "AUT"]
[BlackTeamCountry "HUN"]

1. d4 Nf6 2. Nf3 e6 3. c4 b6 4. g3 Ba6 5. b3 Bb4+ 6. Bd2 Be7 7. Bg2 c6 8. O-O
d5 9. Ne5 Nfd7 10. Nxd7 Nxd7 11. Bc3 O-O 12. Nd2 f5 13. a4 Rb8 14. b4 Nf6 15.
b5 Bb7 16. bxc6 Bxc6 17. Qb3 Rc8 18. Rfc1 Ne4 19. Nxe4 fxe4 20. cxd5 Qxd5 21.
Qxd5 Bxd5 22. Bb2 a6 23. e3 b5 24. Bf1 Rxc1 25. Bxc1 Rb8 26. Rb1 Bc6 27. axb5
axb5 28. Ra1 Bd5 29. Bb2 b4 30. Be2 Rc8 31. Rc1 Ra8 32. Ra1 Rc8 33. Rc1 Rb8 34.
Kg2 b3 35. Bc4 Kf7 36. Bxd5 exd5 37. Rc3 Ke6 38. f3 Bd6 39. Kf2 Bb4 40. Rc1 Ra8
0-1

[Event "Mitropa Cup 29th"]
[Site "Chur"]
[Date "2010.06.01"]
[Round "4"]
[White "Pap, Gyula"]
[Black "Baumegger, Siegfried"]
[Result "1-0"]
[WhiteElo "2496"]
[BlackElo "2414"]
[PlyCount "81"]
[EventDate "2010.05.29"]
[EventType "team-tourn"]
[EventRounds "9"]
[EventCountry "SUI"]
[Source "ChessBase"]
[SourceDate "2010.07.02"]
[WhiteTeam "Hungary"]
[BlackTeam "Austria"]
[WhiteTeamCountry "HUN"]
[BlackTeamCountry "AUT"]

1. g3 e5 2. Bg2 d5 3. d3 Nc6 4. Nf3 Nf6 5. O-O Be7 6. c3 O-O 7. Qc2 a5 8. e4
Re8 9. Nbd2 Bf8 10. Re1 a4 11. Rb1 d4 12. a3 Nd7 13. cxd4 exd4 14. b4 axb3 15.
Nxb3 Bxa3 16. Ra1 Qe7 17. Nbxd4 Nxd4 18. Nxd4 Ne5 19. Bd2 Bd7 20. Nf5 Qc5 21.
Qb3 Be6 22. d4 Bxb3 23. dxc5 Bxc5 24. Rab1 Bc4 25. Be3 Bxe3 26. Nxe3 b5 27.
Nxc4 bxc4 28. Rec1 g5 29. f4 gxf4 30. gxf4 Nd3 31. Rxc4 Nxf4 32. Rxc7 Ra2 33.
Bf1 Re6 34. Bc4 Rg2+ 35. Kf1 Rf6 36. Rbb7 Rgg6 37. Bxf7+ Kg7 38. Bxg6+ Kxg6 39.
Rxh7 Kg5 40. Rbg7+ Ng6+ 41. Ke2 1-0

[Event "Mitropa Cup 29th"]
[Site "Chur"]
[Date "2010.06.01"]
[Round "4"]
[White "Papp, Gabor"]
[Black "Neubauer, Martin"]
[Result "1/2-1/2"]
[WhiteElo "2534"]
[BlackElo "2458"]
[PlyCount "87"]
[EventDate "2010.05.29"]
[EventType "team-tourn"]
[EventRounds "9"]
[EventCountry "SUI"]
[Source "ChessBase"]
[SourceDate "2010.07.02"]
[WhiteTeam "Hungary"]
[BlackTeam "Austria"]
[WhiteTeamCountry "HUN"]
[BlackTeamCountry "AUT"]

1. e4 e5 2. Nf3 Nc6 3. Bc4 Nf6 4. d3 Bc5 5. c3 a6 6. O-O d6 7. Bb3 O-O 8. h3 h6
9. Re1 Re8 10. Nbd2 Be6 11. Nf1 Bxb3 12. Qxb3 Rb8 13. Ng3 d5 14. exd5 Qxd5 15.
Ne4 Qxb3 16. Nxf6+ gxf6 17. axb3 Rbd8 18. Bxh6 Rxd3 19. Rad1 Rxd1 20. Rxd1 f5
21. Be3 Be7 22. g3 Rd8 23. Ra1 Bf6 24. Kf1 Kg7 25. Ke2 Kg6 26. Ra4 Rh8 27. h4
Rd8 28. Ra1 Rd5 29. b4 Rd8 30. Rh1 Rh8 31. Rd1 Rd8 32. Rg1 e4 33. Nd2 Ne5 34.
f3 exf3+ 35. Nxf3 Nc4 36. Bc1 Kh5 37. Kf2 Ne5 38. Nxe5 Bxe5 39. Kf3 Rd3+ 40.
Be3 f6 41. Ke2 Rd7 42. Kf3 Rd3 43. Ke2 Rd7 44. Kf3 1/2-1/2

[Event "Mitropa Cup 29th"]
[Site "Chur"]
[Date "2010.06.01"]
[Round "4"]
[White "Ragger, Markus"]
[Black "Rapport, Richard"]
[Result "1-0"]
[WhiteElo "2614"]
[BlackElo "2509"]
[PlyCount "75"]
[EventDate "2010.05.29"]
[EventType "team-tourn"]
[EventRounds "9"]
[EventCountry "SUI"]
[Source "ChessBase"]
[SourceDate "2010.07.02"]
[WhiteTeam "Austria"]
[BlackTeam "Hungary"]
[WhiteTeamCountry "AUT"]
[BlackTeamCountry "HUN"]

1. c4 e5 2. Nc3 Nf6 3. e3 Bb4 4. Nge2 O-O 5. a3 Bxc3 6. Nxc3 d5 7. cxd5 Nxd5 8.
Qc2 Be6 9. Be2 a5 10. O-O Nc6 11. b3 Nxc3 12. Qxc3 Qd5 13. Rb1 Rfd8 14. Rd1 Rd6
15. d3 Rad8 16. Bd2 Qb5 17. Bf1 Bf5 18. e4 Bg4 19. Rdc1 Rxd3 20. Qc2 Rxd2 21.
Bxb5 Rxc2 22. Rxc2 Nd4 23. Rd2 Rd6 24. Bf1 c5 25. Rd3 g6 26. Rc3 b6 27. b4 cxb4
28. axb4 a4 29. Rc7 Be6 30. Ra7 Bb3 31. h3 Rc6 32. Ra6 Rc3 33. b5 Nc2 34. Rxb6
a3 35. Ra6 a2 36. Rc1 Na3 37. Rxc3 a1=Q 38. Rxb3 1-0

[Event "Mitropa Cup 29th"]
[Site "Chur"]
[Date "2010.06.01"]
[Round "4"]
[White "Bosiocic, Marin"]
[Black "Fargere, Francois"]
[Result "0-1"]
[WhiteElo "2562"]
[BlackElo "2489"]
[PlyCount "46"]
[EventDate "2010.05.29"]
[EventType "team-tourn"]
[EventRounds "9"]
[EventCountry "SUI"]
[Source "ChessBase"]
[SourceDate "2010.07.02"]
[WhiteTeam "Croatia"]
[BlackTeam "France"]
[WhiteTeamCountry "CRO"]
[BlackTeamCountry "FRA"]

1. e4 c5 2. Nf3 d6 3. g3 Nf6 4. d3 g6 5. Bg2 Bg7 6. O-O O-O 7. Nbd2 Nc6 8. c3
e5 9. a3 h6 10. b4 Be6 11. Bb2 Qd7 12. Re1 Bh3 13. Nb3 Bxg2 14. Kxg2 b6 15.
Nfd2 Nh7 16. h4 f5 17. d4 exd4 18. cxd4 fxe4 19. Qc2 d5 20. dxc5 Nf6 21. b5 Ng4
22. Re2 Rxf2+ 23. Rxf2 Ne3+ 0-1

[Event "Mitropa Cup 29th"]
[Site "Chur"]
[Date "2010.06.01"]
[Round "4"]
[White "Monroy, Charles"]
[Black "Martinovic, Sasa"]
[Result "0-1"]
[WhiteElo "2459"]
[BlackElo "2515"]
[PlyCount "110"]
[EventDate "2010.05.29"]
[EventType "team-tourn"]
[EventRounds "9"]
[EventCountry "SUI"]
[Source "ChessBase"]
[SourceDate "2010.07.02"]
[WhiteTeam "France"]
[BlackTeam "Croatia"]
[WhiteTeamCountry "FRA"]
[BlackTeamCountry "CRO"]

1. Nf3 Nf6 2. c4 g6 3. g3 Bg7 4. Bg2 d5 5. cxd5 Nxd5 6. d4 Nb6 7. Nc3 Nc6 8. e3
O-O 9. O-O Re8 10. Re1 a5 11. Qe2 a4 12. Rd1 Bg4 13. h3 Be6 14. Ne4 Qc8 15. Kh2
Bc4 16. Qc2 Nb4 17. Qb1 Rd8 18. Nc5 e5 19. Bd2 Nc6 20. Bc3 Be2 21. Rd2 Bxf3 22.
Bxf3 exd4 23. exd4 Nd5 24. Qc2 a3 25. Qb3 axb2 26. Bxb2 Nce7 27. Rad1 b6 28.
Nd3 Qf5 29. Ne5 h5 30. Ba3 Ra5 31. Bxd5 Nxd5 32. Nc6 Raa8 33. Nxd8 Rxd8 34. Qd3
Qf6 35. h4 Re8 36. Re2 Rxe2 37. Qxe2 Nc3 38. Qe8+ Kh7 39. Rd2 Nb1 40. Be7 Qf5
41. Rb2 Bxd4 42. Rxb1 Qxf2+ 43. Kh3 Qf5+ 44. Kg2 Qc2+ 45. Kf3 Qd3+ 46. Kg2 Qe4+
47. Kh2 Qc2+ 48. Kh3 Qxb1 49. Qxf7+ Bg7 50. Kg2 Qe4+ 51. Kh2 Qf5 52. Qc4 Qf2+
53. Kh3 Be5 54. Qb3 Qf1+ 55. Kh2 Bd4 0-1

[Event "Mitropa Cup 29th"]
[Site "Chur"]
[Date "2010.06.01"]
[Round "4"]
[White "Saric, Ante"]
[Black "Roser, Kevin"]
[Result "1/2-1/2"]
[WhiteElo "2489"]
[BlackElo "2429"]
[PlyCount "78"]
[EventDate "2010.05.29"]
[EventType "team-tourn"]
[EventRounds "9"]
[EventCountry "SUI"]
[Source "ChessBase"]
[SourceDate "2010.07.02"]
[WhiteTeam "Croatia"]
[BlackTeam "France"]
[WhiteTeamCountry "CRO"]
[BlackTeamCountry "FRA"]

1. d4 Nf6 2. c4 e6 3. Nf3 b6 4. a3 Bb7 5. Nc3 d5 6. Qa4+ c6 7. cxd5 Nxd5 8. e4
Nxc3 9. bxc3 Be7 10. Bd3 Qc7 11. Bb2 O-O 12. c4 Nd7 13. Qc2 h6 14. O-O Rac8 15.
Rfe1 Rfe8 16. a4 Bd6 17. e5 Bb4 18. Red1 Qb8 19. Bh7+ Kh8 20. Be4 Qa8 21. Qe2
Kg8 22. h4 Rcd8 23. Rd3 Nf8 24. Rad1 Ng6 25. Bc1 Ne7 26. Bd2 Bxd2 27. Nxd2 c5
28. Bxb7 Qxb7 29. Ne4 Nf5 30. dxc5 Rxd3 31. Qxd3 Qc6 32. Qd7 Qxe4 33. Qxe8+ Kh7
34. Qd7 bxc5 35. g3 Nd4 36. Qxf7 Nf3+ 37. Kf1 Nh2+ 38. Kg1 Nf3+ 39. Kf1 Nh2+
1/2-1/2

[Event "Mitropa Cup 29th"]
[Site "Chur"]
[Date "2010.06.01"]
[Round "4"]
[White "Tripoteau, Nicolas"]
[Black "Doric, Darko"]
[Result "1-0"]
[WhiteElo "2425"]
[BlackElo "2452"]
[PlyCount "111"]
[EventDate "2010.05.29"]
[EventType "team-tourn"]
[EventRounds "9"]
[EventCountry "SUI"]
[Source "ChessBase"]
[SourceDate "2010.07.02"]
[WhiteTeam "France"]
[BlackTeam "Croatia"]
[WhiteTeamCountry "FRA"]
[BlackTeamCountry "CRO"]

1. d4 d5 2. Nf3 Nf6 3. e3 c6 4. c4 e6 5. Nbd2 Nbd7 6. b3 Bd6 7. Bb2 b6 8. Bd3
Bb7 9. O-O O-O 10. Ne5 c5 11. cxd5 exd5 12. Qf3 Qe7 13. Nxd7 Nxd7 14. Qh3 g6
15. Nf3 Rad8 16. Qh6 f5 17. Nh4 cxd4 18. Bxd4 Ne5 19. Be2 Bc5 20. Nf3 Nxf3+ 21.
Bxf3 Bxd4 22. exd4 Rfe8 23. Rac1 Ba6 24. Rfd1 Qd6 25. Qd2 Re7 26. Re1 Rde8 27.
Rxe7 Rxe7 28. Qh6 Bb7 29. h4 Qf6 30. Qf4 Kg7 31. Rc7 h5 32. g3 Qf7 33. Rc1 Qe8
34. Kg2 Qd7 35. Rc3 Ba6 36. Qg5 Be2 37. Bxe2 Rxe2 38. Qf4 Re7 39. Qb8 Qb7 40.
Qxb7 Rxb7 41. Rc6 Rd7 42. Kf3 Kh6 43. a4 Re7 44. Rd6 Rc7 45. Rxd5 Rc3+ 46. Kf4
Rxb3 47. a5 Rb2 48. f3 Rb3 49. Rd7 bxa5 50. d5 a6 51. Ra7 a4 52. Rxa6 a3 53. d6
Kg7 54. Kg5 Rxf3 55. Ra7+ Kf8 56. Ra8+ 1-0

[Event "Mitropa Cup 29th"]
[Site "Chur"]
[Date "2010.06.01"]
[Round "4"]
[White "Krejci, Jan1"]
[Black "Pacher, Milan"]
[Result "0-1"]
[WhiteElo "2455"]
[BlackElo "2396"]
[PlyCount "126"]
[EventDate "2010.05.29"]
[EventType "team-tourn"]
[EventRounds "9"]
[EventCountry "SUI"]
[Source "ChessBase"]
[SourceDate "2010.07.02"]
[WhiteTeam "Czech Republic"]
[BlackTeam "Slovakia"]
[WhiteTeamCountry "CZE"]
[BlackTeamCountry "SVK"]

1. e4 e5 2. Nf3 Nc6 3. Bb5 Nf6 4. O-O Nxe4 5. d4 Nd6 6. Bg5 Be7 7. Bxe7 Qxe7 8.
Bxc6 dxc6 9. dxe5 Ne4 10. Qe2 Bf5 11. Nd4 Bg6 12. f3 O-O-O 13. Nb3 Nd6 14. Nc3
Nf5 15. f4 h5 16. Qf2 b6 17. Ne2 c5 18. a4 a5 19. Nc3 Qe6 20. Rad1 Qc6 21. Nb5
Kb7 22. Rd2 Rxd2 23. Qxd2 h4 24. h3 Ng3 25. Rd1 Bf5 26. Kh2 Rh6 27. Nc3 Ne4 28.
Nxe4 Qxe4 29. Re1 Qxa4 30. Qd5+ Qc6 31. Qxf7 Rg6 32. Re2 Be4 33. Nd2 Bxg2 34.
e6 Rg3 35. e7 Rxh3+ 36. Kg1 Bd5 37. Qf5 Rh1+ 38. Kf2 Rh2+ 39. Ke1 Rxe2+ 40.
Kxe2 Bg2 41. Kf2 h3 42. Qh5 Bd5 43. e8=Q Qxe8 44. Qxd5+ Kb8 45. Nf3 Qg6 46. Ne1
Qf6 47. Qe5 Qxe5 48. fxe5 c4 49. c3 Kc8 50. Nc2 Kd7 51. Na3 Ke6 52. Nxc4 a4 53.
Kg3 b5 54. Na3 c6 55. Kxh3 Kxe5 56. Kg4 Ke4 57. Nc2 c5 58. Na3 Kd3 59. Nxb5 Kc2
60. Kf4 Kxb2 61. Ke4 g5 62. Kd5 g4 63. Kxc5 g3 0-1